Normal view
MARC view
- Cecil, Evelyn
Entry Personal Name
001 - CONTROL NUMBER
- control field: 50478
003 - CONTROL NUMBER IDENTIFIER
- control field: NUST
005 - DATE AND TIME OF LATEST TRANSACTION
- control field: 20210314134642.0
008 - FIXED-LENGTH DATA ELEMENTS
- fixed length control field: 210314|| aca||aabn | a|a d
040 ## - CATALOGING SOURCE
- Original cataloging agency: NUST
- Transcribing agency: NUST
100 ## - HEADING--PERSONAL NAME
- Personal name: Cecil, Evelyn
670 ## - SOURCE DATA FOUND
- Source citation: Work cat.: (NUST): Cecil, Evelyn,, Notes on my journey round the world;, 1889.
